Loading...
| Literature - British | 0 | 3 | 0 | 0 | 30 | 113 | 117.67 | 0 | 1 | 0.42 | 12.22 |
| Fine Arts - Classical Music | 0 | 2 | 0 | 1 | 20 | 107 | 116.50 | 0 | 0 | 0.62 | 6.67 |
| Current Events | 0 | 2 | 0 | 1 | 20 | 33 | 48.00 | 0 | 1 | 21.52 | 24.44 |
| History - Other | 0 | 2 | 0 | 0 | 20 | 76 | 94.50 | 0 | 0 | 2.90 | 7.78 |
| Literature - American | 0 | 2 | 0 | 0 | 20 | 62 | 84.00 | 0 | 2 | 6.23 | 13.89 |
| Literature - European | 0 | 2 | 0 | 0 | 20 | 59 | 84.50 | 0 | 1 | 5.28 | 10.00 |
| Painting/Sculpture | 0 | 2 | 0 | 0 | 20 | 61 | 88.50 | 0 | 1 | 4.65 | 10.00 |
| Pop Culture | 0 | 2 | 0 | 0 | 20 | 64 | 74.00 | 0 | 1 | 14.41 | 22.22 |
| Fine Arts - Other | 0 | 2 | 1 | 0 | 15 | 60 | 68.00 | 0 | 2 | 8.12 | 17.78 |
| Science - Other | 0 | 1 | 0 | 1 | 10 | 78 | 78.00 | 0 | 0 | 2.20 | 4.44 |
| Literature - World | 0 | 1 | 0 | 0 | 10 | 68 | 68.00 | 0 | 1 | 4.09 | 6.67 |
| Geography | 0 | 1 | 0 | 0 | 10 | 76 | 76.00 | 1 | 1 | 7.12 | 15.56 |
| Mythology | 0 | 1 | 0 | 1 | 10 | 122 | 122.00 | 0 | 0 | 0.00 | 1.11 |
| History - World | 0 | 1 | 0 | 1 | 10 | 103 | 103.00 | 0 | 0 | 0.00 | 1.11 |
| Religion | 0 | 1 | 0 | 0 | 10 | 108 | 108.00 | 0 | 0 | 0.00 | 1.11 |
| History - European | 0 | 0 | 1 | 0 | -5 | 0.00 | 0 | 0 | 0.00 | 0.00 |